| 000 | 00621cam a2200253ua 4500 | ||
|---|---|---|---|
| 001 | 7689 | ||
| 008 | 141220n ii |||gr||||Z||||||asm | ||
| 020 | _a9789382746119 | ||
| 040 | _cMAIN | ||
| 041 | _aasm | ||
| 082 | _a305.4 | ||
| 100 |
_aGogoi, T., _eAuthor. |
||
| 245 | 1 |
_aNari adhyanar parichay _cBy Trailukya Gogoi |
|
| 250 | _a1st. | ||
| 260 |
_aDhemaji: _bKiran, _c2014. |
||
| 300 | _a150p. | ||
| 653 | _aSocial groups | ||
| 653 | _aWomen studies | ||
| 700 |
_aPatir, A. Kr., _eAuthor. |
||
| 700 |
_aBorah, R., _eAuthor. |
||
| 700 |
_aNarah, H., _eAuthor., |
||
| 700 |
_aKonwar, P., _eAuthor. |
||
| 942 | _cBK | ||
| 999 |
_c6811 _d6811 |
||